000 01569nab a22002657a 4500
999 _c5623
_d5623
003 OSt
005 20251222232453.0
008 190429b xxu||||| |||| 00| 0 spa d
040 _cPJ
100 _96597
_aOrtiz, Julio
245 1 3 _aEl plenario "Ruiz" de la Cámara Federal de Casación Penal. ¿La posibilidad de interponer Casación en la etapa preparatoria e intermedia es contraria a derecho? El primer paso para el nacimiento del Triple conforme /
_cJulio Ortiz.
260 _cCiudad Autónoma de Buenos Aires :
_aThomson Reuters La Ley,
_b2025.
300 _ap. 104-109
500 _aCita: TR LALEY AR/DOC/2855/2025.
505 _aSumario: I. Introducción.— II. Matices del modelo acusatorio en el nuevo Cód. Proc. Penal Federal.— III. El derecho al recurso en el Cód. Proc. Penal Federal.— IV. El problema de carácter normativo.— V. El plenario "Roque Ruiz" de la CFCP y el fallo "Chacón" de la CS.— VI. Opinión personal y conclusión.— VII. Bibliografía.
505 _aFallo comentado: CFCasación Penal, en pleno ~ 28/05/2024 ~ Ruiz, Roque y otro s/ impugnación.
505 _tSi te interesa el texto completo, solicitalo a koha@justierradelfuego.gov.ar
650 0 _9343
_aDERECHO PENAL
650 0 _92348
_aPROCESO PENAL
650 0 _92107
_aRECURSO DE CASACION
650 0 _95972
_aDERECHO AL RECURSO
650 0 _92716
_aINSTRUCCIÓN
773 0 _02658
_93164
_tRevista de derecho penal y criminología. Nº 11 - Diciembre 2025
_dCiudad Autónoma de Buenos Aires : Thomson Reuters La Ley, 2017-
_x00347914
942 _2udc
_cANA